00884nam a22002297a 450000500170000001000150001702000260003203500130005803700130007108200160008410000170010024501060011726000410022327000670026430000240033150000410035565000560039670000140045294200300046699900170049695201410051320140916105612.0 aENG-110854 a9788175417182c150.00 aEN-94386 bDBAD/PUB a371.9670954 aBiswas, N.B. aEducation of the scheduled caste people :cby N.B. Biswas [and] N.R. RoybNamasudras of West Bengal / aNew DelhibShipra Publicationsc2014 aLG-18-19, Pankaj Central Market, PatparganjbNew Delhie110092 avi,165p.c22cm(pbk) aIncludes bibliographical references  aPeople with social disabilitiesxEducation zIndia. aRoy, N.R. 2ddccENmBISh371.9670954 c88620d88620 001040718NFICaDBADbDBADd2014-09-15eDBAD/PUBg150.00l0o371.9670954 BISpEN-94386r2014-09-15 00:00:00t1v150.00w2014-09-15yEN